| 000 | 00676nam a22001937a 4500 | ||
|---|---|---|---|
| 999 |
_c178530 _d178530 |
||
| 005 | 20210405170730.0 | ||
| 010 | _aB-738730 | ||
| 020 |
_a9789350022122 _c495.00 |
||
| 035 | _aB-738730 | ||
| 037 | _bGift | ||
| 082 | _a335.43092 | ||
| 100 | _aThomas, Peter D. | ||
| 245 |
_aThe gramscian moment: _bphilosophy, hegemony and marxism / _cby Peter D. Thomas |
||
| 260 |
_bAakar Books _c2013 _aDelhi |
||
| 270 |
_a28 E Pocket IV, Mayur Vihar, Phase I _bDelhi _e110091 |
||
| 300 |
_axxv, 477p. _c24cm(pbk) |
||
| 942 |
_2ddc _cEN _h335.43092 _mTHO |
||